Léopold Sédar Senghor (1906-2001) (notice n° 1642363)

détails MARC
000 -LEADER
fixed length control field 01480cam a2200169 4500500
005 - DATE AND TIME OF LATEST TRANSACTION
control field 20260201131302.0
041 ## - LANGUAGE CODE
Language code of text/sound track or separate title fre
042 ## - AUTHENTICATION CODE
Authentication code dc
100 10 - MAIN ENTRY--PERSONAL NAME
Personal name Fonkoua, Romuald
Relator term author
245 00 - TITLE STATEMENT
Title Léopold Sédar Senghor (1906-2001)
260 ## - PUBLICATION, DISTRIBUTION, ETC.
Date of publication, distribution, etc. 2001.<br/>
500 ## - GENERAL NOTE
General note 34
520 ## - SUMMARY, ETC.
Summary, etc. Dans le discours de réception du « Prix National de Littérature» (Cuba), Nancy Morejón a défendu les deux idées qui guident son entreprise d’écrivaine : la lecture et l’écriture. L’acte de lecture remplit une fonction aussi vitale pour l’être humain que l’acte de respirer, de manger ou de se déplacer. L’acte d’écriture vise inlassablement à donner de la voix aux « sans-voix », à lutter contre toutes les oppressions, à rechercher partout et en tout lieu la paix – même si ce mot sonne aujourd’hui comme un sarcasme.
520 ## - SUMMARY, ETC.
Summary, etc. In her address at the reception of the National Prize for Literature in Cuba, Nancy Morejón defended the two ideas which have sustained her work as a writer : reading and writing. Reading is as vital for human beings as breathing, eating and walking. Writing unflaggingly aims at giving voice to the “voiceless”, fighting all forms of oppression and searching everywhere for peace however sarcastic the word may sound today.
786 0# - DATA SOURCE ENTRY
Note Présence Africaine | 163-164 | 1 | 2001-02-01 | p. 61-61 | 0032-7638
856 41 - ELECTRONIC LOCATION AND ACCESS
Uniform Resource Identifier <a href="https://shs.cairn.info/revue-presence-africaine-2001-1-page-61?lang=fr&redirect-ssocas=7080">https://shs.cairn.info/revue-presence-africaine-2001-1-page-61?lang=fr&redirect-ssocas=7080</a>

Pas d'exemplaire disponible.

PLUDOC

PLUDOC est la plateforme unique et centralisée de gestion des bibliothèques physiques et numériques de Guinée administré par le CEDUST. Elle est la plus grande base de données de ressources documentaires pour les Étudiants, Enseignants chercheurs et Chercheurs de Guinée.

Adresse

627 919 101/664 919 101

25 boulevard du commerce
Kaloum, Conakry, Guinée

Réseaux sociaux

Powered by Netsen Group @ 2025